[Event "3rd Sinquefield Cup 2015"]
[Site "Saint Louis"]
[Date "2015.08.29"]
[Round "6"]
[White "Grischuk, Alexander"]
[Black "Caruana, Fabiano"]
[Result "1-0"]
[WhiteElo "2771"]
[BlackElo "2808"]
[Annotator "Ramirez Alvarez,Alejandro"]
[PlyCount "76"]
[EventDate "2015.??.??"]
[EventCountry "USA"]

1. d4 {[%emt 0:00:01]} Nf6 2. c4 e6 3. Nf3 d5 4. Nc3 Be7 5. Bf4 O-O 6. e3 Nbd7
7. c5 Ne4 8. a3 {Grischuk played this move very quickly, but it is not the
most logical move. The move itself doesn't threaten b4 yet, but it does cover
against b6 since b4 is not available for the bishop on e7.} (8. Qc2 {and}) (8.
Rc1 {have been seen before, in this tournament included.}) 8... Nxc3 9. bxc3 c6
10. Qa4 g5 $1 11. Bg3 f5 {This expansion seems completely justified. White
loses development time and Black grabs space.} 12. h3 f4 13. Bh2 e5 14. Be2 e4
$1 15. Nd2 Nxc5 $1 {Excellent decision making from Caruana. This piece
sacrifice nets him two pawns and a strong initiative, using his pawns as spear
points. Grischuk was playing quickly up to this point, but went into a long
thin after accepting the knight.} 16. dxc5 Bxc5 17. O-O $5 (17. exf4 gxf4 18.
Nxe4 dxe4 19. Qxe4 {is incredibly messy, with both kings feeling unsafe.})
17... b5 $6 {After a very long thing, Caruana played this move which seems
bizarre to me. Why improve White's queen?} (17... fxe3 18. Nxe4 $8 dxe4 19.
fxe3 (19. Qb3+ Kg7 20. Be5+ Kh6 (20... Kg6 21. fxe3 Qd5) 21. fxe3) (19. Qxe4
exf2+ 20. Kh1) 19... Bxe3+ $6 (19... Be6 $1 {Perhaps Caruana missed this.
After which Black has all the trumps in the position, for example} 20. Qxe4 Qd5
$15) 20. Kh1 {gives Black two extra pawns but the position remains very
unclear. White's initiative is real.}) 18. Qb3 Qe7 19. Kh1 Be6 {Again after a
long thing. Black has compensation for his missing piece but his initiative
evaporated.} 20. a4 $1 {Allowing d4, which actually doesn't do anything.} d4
21. Qd1 d3 22. Bg4 Bd5 23. axb5 cxb5 24. Nb3 fxe3 (24... Bb6 25. Nd4 $16) 25.
Nxc5 Qxc5 (25... e2 26. Bxe2 dxe2 27. Qxd5+ {doesn't work.}) 26. fxe3 {At the
end of the day, White simply has an extra bishop.} Qxe3 27. Re1 Qf2 28. Bg1 Qf7
29. Qd2 Qg6 30. Ra6 $1 {A nice touch.} Rf6 (30... Qxa6 31. Qxg5+ Qg6 32. Qxd5+
{basically gets mated.}) 31. Rea1 $1 {Salt in the wound.} Re8 32. Rxf6 Qxf6 33.
Rxa7 h6 34. Be3 Qe5 35. Qe1 Bc4 36. Bd4 Qf4 37. Rg7+ Kf8 38. Qa1 b4 {This move
was on the board, but not played. Caruana flagged before he could make his
move, but he was getting mated anyway.} 1-0

[Event "3rd Sinquefield Cup 2015"]
[Site "Saint Louis"]
[Date "2015.08.29"]
[Round "6"]
[White "So, Wesley"]
[Black "Nakamura, Hikaru"]
[Result "0-1"]
[WhiteElo "2779"]
[BlackElo "2814"]
[Annotator "Ramirez Alvarez,Alejandro"]
[PlyCount "78"]
[EventDate "2015.??.??"]
[EventCountry "USA"]

1. d4 Nf6 2. c4 g6 3. Nc3 Bg7 4. e4 d6 5. Nf3 O-O 6. Be2 e5 7. O-O Nc6 8. d5
Ne7 9. Ne1 Nd7 10. f3 f5 11. Be3 f4 12. Bf2 g5 13. Nd3 Ng6 14. c5 Nf6 15. Rc1
Rf7 16. Kh1 h5 17. cxd6 cxd6 18. Nb5 a6 19. Na3 b5 20. Rc6 {Up to this point
So had played instantly. This is surprising as he has achieved nothing on the
queenside. Nakamura continues his kingside attack.} g4 21. Qc2 Qf8 22. Rc1 Bd7
23. Rc7 $2 {I don't like this move at all. Releasing the tension on d6 and a6
is too lenient on Black's position. Asked after the game what they thought of
Wesley's play, most of the players agreed that it looked completely wrong and
anti-positional. "If it was White to move, I would consider playing Rc6 here"
- Anish Giri.} (23. Nb4 $1 Bxc6 (23... Bh6)) 23... Bh6 24. Be1 {removing the
bishop from potential g3 moves with tempo.} h4 {here the pawn on g4 is clearly
poisoned to an experience KID player.} 25. fxg4 {picking up the gauntlet, this
is not good. That being said, I don't know what else he could have done.} f3
26. gxf3 Nxe4 27. Rd1 $2 {This makes things esay for Nakamura to calculate as
almost every line wins.} (27. Rxd7 {was a much better try.} Rxf3 $1 {works
anyway} (27... Rxd7 28. fxe4 $16) 28. Bxf3 Qxf3+ 29. Qg2 Qxd3 30. Rd1 Bd2 $3 {
is the key move. Nakamura did not see this, but he would have found that h3
instead of Bd2 was favorable for Black, and upon reaching this position
probably would have found Bd2.} 31. Bxd2 Nf4 {and White is getting mated.}) (
27. Nf2 Nxf2+ 28. Bxf2 Bxc1 29. Qxg6+ Rg7) (27. Nc5 $1 dxc5 28. Rxd7 Rxd7 29.
Qxe4 Bxc1 30. Qxg6+ Rg7 $19) 27... Rxf3 28. Rxd7 (28. Bxf3 Qxf3+ 29. Qg2 Bxg4 {
is completely winning.}) 28... Rf1+ $1 29. Kg2 Be3 $1 {A very nice resource.
There were other winning moves, but this is fantastic.} 30. Bg3 (30. h3 Nf4+
31. Kh2 Nxd3 {and with the elimination of the knight on d3 White's dark
squares fall apart.}) 30... hxg3 31. Rxf1 Nh4+ 32. Kh3 Qh6 {White is up a rook,
but his position is hopeless. He is simply getting mated.} 33. g5 Nxg5+ {The
rest is a forced mating sequence.} 34. Kg4 {every move wins here.} Nhf3 35. Nf2
Qh4+ 36. Kf5 Rf8+ 37. Kg6 Rf6+ $1 {pretty but not the only way.} 38. Kxf6 Ne4+
39. Kg6 Qg5# 0-1

[Event "3rd Sinquefield Cup 2015"]
[Site "Saint Louis"]
[Date "2015.08.30"]
[Round "7"]
[White "Anand, Viswanathan"]
[Black "So, Wesley"]
[Result "1/2-1/2"]
[WhiteElo "2816"]
[BlackElo "2779"]
[Annotator "Ramirez Alvarez,Alejandro"]
[PlyCount "78"]
[EventDate "2015.??.??"]
[EventCountry "USA"]

1. e4 e5 2. Nf3 Nc6 3. Bb5 Nf6 4. d3 Bc5 5. Bxc6 dxc6 6. Nbd2 O-O 7. O-O Re8 8.
Nc4 Nd7 9. b3 a5 10. a4 f6 {This typical exchange Ruy Lopez type of structure
has become more common as people are trying to avoid the endgame. However,
it's hard to say what White has in this position. He has no real pressure and
Black has the pair of bishops. The awkward pawn structure is too vague to be
exploited.} 11. Be3 Bb4 12. Rc1 b5 13. c3 Bf8 14. Nb2 {Somehow I'm not
convinced about putting a knight on b2.} Nc5 15. Qc2 Bg4 16. d4 exd4 17. Nxd4
bxa4 18. Nxa4 Nxe4 {Anand figured he had compensation at this point, but the
position went south quickly.} 19. f3 Nd6 20. Bf2 (20. fxg4 Rxe3 21. g5 $5 {
looks like some kind of aggressive try, but I don't believe in it completely.})
20... Bd7 21. c4 Qc8 22. Qc3 Nf5 23. Nc2 Nd6 24. Nd4 Nb7 (24... Re5 $5 25. Bg3
Rh5 26. c5 Nb5 27. Qc4+ Kh8 28. Rfe1 Nxd4 29. Qxd4 {was a suggestion by Anand.
Still difficult for Black to win since the bishop on f8 is so bad.}) 25. c5 $1
{An important move, killing the bishop on f8 and making it hard for the knight
on b7 to rejoin the game.} Nd8 26. Nb2 Ne6 27. Nc4 Bxc5 (27... a4 $5 28. bxa4
Rxa4 29. Nb2 Nxd4 30. Bxd4 {is hard to make progress, but White just needs to
defend and hope his fortress holds.}) 28. Nxe6 {A queen sacrifice.} Bb4 29.
Nxg7 Bxc3 30. Nxe8 Bxe8 (30... Qxe8 31. Rxc3 Be6 32. Nd2 Bd5 33. Ne4 Bxe4 34.
Re1 {is still unclear, though the engines prefer Black.}) 31. Rxc3 {The
computers like Black a lot, but White is surprisingly close to a full fortress.
Actually, if he gets his knight to c5, he will even be able to play for an
advantage.} Bf7 32. Nd2 f5 33. Rxc6 {Anand didn't want to play this, but he
figured every pawn he took was a good thing.} (33. Nc4 Bxc4 34. Rxc4 Qb7 35.
Rc3 {is also close to a fortress.}) 33... Qd7 34. Rc2 Re8 35. Nc4 Bxc4 36. Rxc4
Re2 37. h3 Rd2 38. Re1 Rd1 39. Kh2 c6 {your engine might say that this is
better for Black, but the position is a dead draw after} (39... c6 40. Rxd1
Qxd1 41. Rc5 $1 Qxb3 42. Rxa5 {and there is no way the pawn on c6 ever makes
it to c5.}) 1/2-1/2

[Event "3rd Sinquefield Cup 2015"]
[Site "Saint Louis"]
[Date "2015.08.30"]
[Round "7"]
[White "Carlsen, Magnus"]
[Black "Grischuk, Alexander"]
[Result "0-1"]
[WhiteElo "2853"]
[BlackElo "2771"]
[Annotator "Ramirez Alvarez,Alejandro"]
[PlyCount "132"]
[EventDate "2015.??.??"]
[EventCountry "USA"]

1. e4 c5 2. Nf3 d6 3. d4 cxd4 4. Nxd4 Nf6 5. Nc3 a6 6. Be2 e5 7. Nb3 Be7 8. Be3
Be6 9. Qd3 {repeating the line that Anand played against MVL earlier in the
tournament.} Nbd7 {Grischuk was having none of that endgame, instead he
decided to allow a knight to d5, changing the pawn structure.} 10. Nd5 O-O 11.
O-O Bxd5 12. exd5 Rc8 {As is typical in the Najdorf, White exchanged a piece
on d5 and how his structure has a majority on the queenside. However Black has
good dark-square control and the b3 knight is very bad, it will take some time
to regroup it.} 13. c4 Ne8 14. Qd2 b6 {Around here Carlsen mentioned that he
didn't like his position, but to be fair there is nothing wrong with it
immediately. In the long-term, however, Black's plan seems more obvious than
White's.} 15. Rac1 a5 16. Na1 {No one wants to play this move, but it has a
sneaky idea. Also it cause Grischuk to start thinking heavily.} g6 17. b4 $5
Ng7 (17... axb4 18. Nc2 {is the point, as the knight quickly heads to c6.
Grischuk doesn't take to keep the control of b4.}) 18. bxa5 bxa5 19. Bd3 Nc5
20. Bc2 a4 21. Rb1 {White's knight on a1 is awful, but he has control of the
b-file, pressure on a4 and the pair of bishops. It is hard to say who is
better.} e4 $5 {Changing the position. White is happy to trade his c4 pawn for
the e5 one though.} 22. Bxc5 Rxc5 23. Bxa4 (23. Qe2 $5 {is a little more
ambitious} Qc7 (23... f5 $5) 24. Bxa4 Rxc4 25. Bc6 $16) (23. Bxe4 Rxc4 24. Qd3
$11) 23... Rxc4 24. Bc6 Nf5 25. Qe2 Rc3 26. Qxe4 Ra3 {White wins the pawn on
e4, but thanks to this strong rook the a2 pawn is doomed. The position looks
rather drawish.} 27. Qe2 Bf6 28. Nb3 Qe7 29. Qxe7 Nxe7 30. Nd2 Rxa2 31. Nc4 Rd8
{I was expecting the players to sign the scoresheets around here, but Carlsen
started playing very strange moves.} 32. g4 $2 (32. Rbd1 $11) 32... Bd4 33.
Rbd1 Bc5 {suddenly White is just worse. He has problems with his d5 pawn and
the f2 pressure.} 34. Rd2 Rxd2 35. Nxd2 Nxc6 36. dxc6 Rc8 37. Ne4 Rxc6 38. Rd1
{The extra pawn is hard to convert, but from here on out Grischuk will torture
the World Champion.} h6 39. h4 Kf8 40. Kg2 Ke7 41. Rc1 {The endgame is
unpleasant, though surely a computer would hold it.} Rc8 42. Kf3 Ke6 43. Rc2
Rc7 44. h5 $5 {Commital. Some grandmasters analyzing the game didn't like this
move.} gxh5 45. gxh5 Bb6 46. Re2 Bd4 47. Kg3 d5 48. Nd2+ Kf5 49. Kg2 Be5 50.
Nf3 Bf6 51. Ra2 Rd7 52. Ne1 Rc7 53. Kf3 Bg5 54. Ra5 Ke5 {White is suffering,
but it's not so easy to make progress. The blockade on d3 will hold on strong.}
55. Ke2 Ke4 56. Ra4+ d4 57. f3+ Kd5 58. Ra5+ Kc4 59. Nd3 Re7+ 60. Re5 Re6 (
60... Kc3 {was winning, according to Komodo, but the truth of the position is
still not clear to me.}) 61. f4 Bf6 62. Rxe6 fxe6 63. Nf2 $4 (63. Kd2 $1 {was
the only way to hold the position. There seems no way to break down the
position.}) 63... Be7 $1 {White will soon be zugzwanged.} 64. Ng4 Kc3 65. f5 (
65. Kd1 Bf8 66. Nf2 d3 {is winning.}) (65. Nf2 Kc2 66. Nd3 Ba3 67. Nf2 Bd6 68.
Nd3 Kc3 {with a zugzwang.}) 65... exf5 $1 {only move} 66. Nxh6 Kc2 $1 {the
pawn is unstoppable.} 0-1

[Event "3rd Sinquefield Cup 2015"]
[Site "Saint Louis"]
[Date "2015.08.30"]
[Round "7"]
[White "Caruana, Fabiano"]
[Black "Vachier-Lagrave, Maxime"]
[Result "1/2-1/2"]
[WhiteElo "2808"]
[BlackElo "2731"]
[Annotator "Ramirez Alvarez,Alejandro"]
[PlyCount "60"]
[EventDate "2015.??.??"]
[EventCountry "USA"]

1. e4 c5 2. Nf3 d6 3. Bb5+ {Another bb5+ Sicilian!} Nd7 4. c3 Ngf6 5. Qe2 a6 6.
Ba4 e5 7. O-O Be7 8. d4 b5 9. Bc2 O-O {Clearly this structure resembles a
Spanish more than anything else. Black has already expanded on the queenside,
and has his knight on d7, which has always made me think that his position is
superior to a normal Spanish.} 10. Rd1 Qc7 11. a4 Rb8 (11... Bb7 {was also
possible, after} 12. d5 c4 {Black has some kind of Breyer type of counterplay
after Nc5.}) 12. axb5 axb5 13. Na3 Ba6 {Apparently MVL missed the idea of d5
followed by b4, which perhaps gives White a minimal advantage, but it isn't
anything exciting.} 14. d5 Qb7 15. b4 Bd8 $1 {Remaneuvering the bishop is
Black's best bet in keeping equality.} 16. Bd3 Ra8 17. Bg5 c4 18. Bc2 Nh5 19.
Bxd8 (19. Nxe5 $5 {Wins a pawn, but definitely not the game:} Bxg5 20. Qxh5 Bf6
21. Nc6 (21. Nxd7 Qxd7 22. Qf3 $44 {with plenty of compesantion thanks to the
strong dark squared bishop.}) 21... Bxc3 22. Ne7+ Kh8 23. e5 g6 24. Bxg6 fxg6
25. Nxg6+ Kg7 26. Nxf8 {Is something the Frenchman considered, and it gets
quite crazy, but Black should be better in this material balance.}) 19... Rfxd8
20. Nh4 g6 21. Qe3 Qb6 22. Qxb6 Nxb6 {White's space advantage doesn't matter
much here. It's too difficult to create any kind of play. The game is
eventually drawn after this.} 23. g3 Nf6 24. Ng2 Ne8 25. Ra2 Bc8 26. Rda1 Bd7
27. Nb1 Rxa2 28. Rxa2 Ra8 29. Rxa8 Nxa8 30. Nd2 Nb6 1/2-1/2

[Event "3rd Sinquefield Cup 2015"]
[Site "Saint Louis"]
[Date "2015.08.30"]
[Round "7"]
[White "Nakamura, Hikaru"]
[Black "Aronian, Levon"]
[Result "0-1"]
[WhiteElo "2814"]
[BlackElo "2765"]
[Annotator "Ramirez Alvarez,Alejandro"]
[PlyCount "102"]
[EventDate "2015.??.??"]
[EventCountry "USA"]

1. e4 e5 2. Nf3 Nc6 3. Bb5 a6 4. Ba4 Nf6 5. O-O Be7 6. Re1 b5 7. Bb3 O-O 8. a4
b4 9. d4 d6 10. dxe5 dxe5 11. Qxd8 Rxd8 12. Nbd2 h6 13. Bc4 Bd6 {A system that
Aronian is very experienced with, having played against Carlsen and Nakamura
himself in the past.} 14. a5 Re8 (14... Kf8 {was Karjakin-Aronian, 2009.}) 15.
Bd3 (15. Nb3 {was less than nothing for White in Carlsen-Leko, 2009.}) (15. b3
{was maybe better than the game continuation, as in Negi-Sargissian, 2011.})
15... Nd7 {Aronian first long think makes sense. The knight reroutes to c5
where it will pressure e4 after kicking out the bishop on d3. Also the a6 pawn
will get another defender.} 16. b3 Nc5 17. Bc4 Be6 18. Bb2 f6 19. Bxe6+ Rxe6
20. Nc4 Rb8 21. Nfd2 Rb5 $1 {Black starts maneuvering his pieces in order to
attack a5.} 22. Ra2 (22. Nf1 Nb7 23. Nfe3 Ncxa5 24. Nxa5 Rxa5 (24... Nxa5 25.
Red1 {is fine for White, the knight can't ever move from a5.}) 25. Rxa5 Nxa5
26. Ra1 $11) 22... Nb7 23. Rea1 Bc5 24. Kf1 Re7 {Black has real pressure on a5,
but it's hard to make progress. Of course it is Black that is better, as
White's pieces are all tied up.} 25. Ke2 Rd7 26. Nf1 Bd4 {trading off the
bishops weakens some of White's light squares.} 27. Nfe3 Bxe3 28. Nxe3 Kf7 29.
f3 Ke6 30. g4 {MVL looked at this position and simply asked "Why do White
players go into this... better to just make a draw!"} Nc5 31. Nc4 Ke7 32. Bc1
Ne6 33. Be3 Ncd4+ 34. Kf2 Ng5 35. Bxg5 {somehow it looks unnatural to weaken
the f3 pawn. It's true that e5 loses protection, but that seems less relevant.}
fxg5 36. Rd1 Ke6 37. Rd3 Rf7 {Black still needs to prove some kind of
breakthrough, but it's still much more pleasant for Aronian.} 38. Ra1 Rb8 39.
Rad1 $2 {A move that is almost incomprehensible.} (39. Rf1 Rbf8 {and now most
king moves defend the pawn on f3.} (39... Nxc2 40. Rc1 Nd4 41. Nxe5 $1 $11) 40.
Kg3 Nxc2 $2 {doesn't work because of} 41. Rd5 $18) 39... Rbf8 40. Nxe5 {
Nakamura chooses to go for this move, but it is hopeless.} (40. Nd2 Nxc2 41.
Rc1 Nd4 {is a clean extra pawn, but this offered much better resistance...})
40... Kxe5 41. Rxd4 Rxf3+ 42. Ke2 Rf2+ 43. Ke1 Rf1+ 44. Ke2 R8f2+ 45. Ke3 Rf3+
46. Ke2 R1f2+ 47. Ke1 Rxh2 {This is just winning. The rooks and king are too
active.} 48. Rd5+ Kf4 49. R1d4 Kxg4 50. Rc5 Rg3 51. Kf1 Rc3 {All those passed
pawns are not going to be stopped.} 0-1

[Event "3rd Sinquefield Cup 2015"]
[Site "Saint Louis"]
[Date "2015.08.30"]
[Round "7"]
[White "Topalov, Veselin"]
[Black "Giri, Anish"]
[Result "1/2-1/2"]
[WhiteElo "2816"]
[BlackElo "2793"]
[Annotator "Ramirez Alvarez,Alejandro"]
[PlyCount "65"]
[EventDate "2015.??.??"]
[EventCountry "USA"]

1. Nf3 Nf6 2. c4 g6 3. Nc3 d5 4. cxd5 Nxd5 5. e4 Nxc3 6. dxc3 {This endgame
had only a couple of years of popularity a long time ago. It is very slightly
better for White, but at some point people realized that if Black goes f6 and
e5 he should equalize.} Qxd1+ 7. Kxd1 f6 8. Be3 e5 9. Nd2 Be6 (9... Nd7 {was
Bogner-Li Chao from 2014. The Chinese player won that game.}) 10. Bc4 Kf7 11.
Kc2 Be7 12. Rad1 {Technically the novelty of the game, though the last time
any other move was played was back in 1991...} Rd8 13. Bxe6+ Kxe6 14. Nc4 Rxd1
15. Rxd1 Nc6 16. a4 {White has very little in this endgame... perhaps not even
that. It seems that Topalov was ok with playing a position without any kind of
advantage, perhaps even heading to a draw after two consecutive losses.} a5 17.
f4 h5 18. Rf1 exf4 19. Bxf4 Ne5 20. Bxe5 fxe5 {The knight has no advantage
over the bishop, and vice versa. The game is bound to be drawn in this
position as there is nothing to attack.} 21. Rf3 b6 22. Rg3 Rg8 23. Kd3 Bh4 24.
Rf3 Be7 25. Ke2 Rb8 26. Rg3 Kf6 27. Ne3 c6 28. Nc4 Bc5 29. h3 Ra8 30. Rf3+ Ke6
31. Rg3 Kf6 32. Rf3+ Ke6 33. Rg3 1/2-1/2